Solo por ser indios y otras crónicas mapuches

Kaydedildi:
Detaylı Bibliyografya
Yazar: Cayuqueo, Pedro (Yazar)
Materyal Türü: Kitap
Dil:İspanyolca
Baskı/Yayın Bilgisi: Santiago Catalonia 2012
Edisyon:1a. ed
Konular:
Etiketler: Etiketle
Etiket eklenmemiş, İlk siz ekleyin!

MARC

LEADER 00000cam a2200000 a 4500
001 UCE0610
003 CL-VaPUC
008 140124e20120900cl |||||||||||||||||spa|d
020 |a 9789563241259 
082 0 4 |a 305.8  |b CAY  |2 21 
100 0 |a Cayuqueo, Pedro  |e author  |9 572977 
245 1 0 |a Solo por ser indios y otras crónicas mapuches 
250 |a 1a. ed 
300 |a 303 p 
942 |c BK 
945 |d 20140124 15:34:00  |a dcastane 
260 |a Santiago  |b Catalonia  |c 2012 
650 0 |a Grupos sociales  |9 268887 
650 7 |a GRUPOS RACIALES  |2 CL-VaPUC  |9 324199 
650 0 |a Mapuche   |9 344248 
650 0 |a Cultura mapuche  |9 471053 
583 |a last modification  |c 20140124 15:34:00  |k Rodrigo Vera 
999 |c 354679  |d 354677 
952 |0 0  |1 0  |3 erb  |4 0  |6 305_800000000000000_CAY_2012  |7 0  |8 X  |9 460669  |a FDOBUD  |b FDOBUD  |i 5034787  |o 305.8 CAY 2012  |p 5034787  |r 2019-11-23  |w 2019-11-23  |y BK_X  |z Catalogado en:20140124  |k BUD